[Event "1. Bundesliga 2010/2011"]
[Site "Graz"]
[Date "2011.01.21"]
[Round "5"]
[Board "4"]
[White "Halvax, Georg"]
[Black "Wittmann, Walter"]
[Result "1-0"]
[WhiteElo "2272"]
[BlackElo "2291"]
[PlyCount "79"]
[EventDate "2010.11.19"]
[EventType "team"]
[EventRounds "11"]
[EventCountry "AUT"]
[WhiteTeam "SK MPOE Maria Saal"]
[BlackTeam "Styria Graz"]

1.e4 c5 2.Nf3 d6 3.d4 cxd4 4.Nxd4 Nf6 5.Nc3 Nc6 6.Bg5 e6 7.Qd2 a6 8.O-O-O Bd7
9.f4 h6 10.Bxf6 Qxf6 11.Nf3 Qd8 12.g4 Qc7 13.Kb1 O-O-O 14.Bc4 Kb8 15.Bb3 Be7
16.h4 Na5 17.Rhe1 Bc6 18.Qe3 Rhe8 19.g5 hxg5 20.hxg5 Bf8 21.Rh1 b5 22.Nd4 Bb7
23.g6 Nxb3 24.gxf7 Qxf7 25.cxb3 b4 26.Na4 e5 27.fxe5 dxe5 28.Nc6+ Bxc6 29.Qb6+
Qb7 30.Rxd8+ Rxd8 31.Qxd8+ Ka7 32.Rc1 Be7 33.Qa5 Bxe4+ 34.Ka1 Bd6 35.Nc5 Qc6
36.Qxb4 Bf3 37.Qe1 e4 38.Qe3 Kb8 39.Nxe4 Qxe4 40.Qb6+

[Event "1. Bundesliga 2010/2011"]
[Site "Graz"]
[Date "2011.01.21"]
[Round "5"]
[Board "5"]
[White "Stagl, Marco"]
[Black "Hartl, Daniel"]
[Result "0-1"]
[WhiteElo "2111"]
[BlackElo "2285"]
[PlyCount "68"]
[EventDate "2010.11.19"]
[EventType "team"]
[EventRounds "11"]
[EventCountry "AUT"]
[WhiteTeam "Styria Graz"]
[BlackTeam "SK MPOE Maria Saal"]

1.d4 d5 2.Nf3 Nf6 3.c4 c6 4.e3 Bf5 5.Bd3 Bxd3 6.Qxd3 e6 7.O-O Be7 8.Nc3 Nbd7
9.e4 dxe4 10.Nxe4 O-O 11.Rd1 Nxe4 12.Qxe4 Qa5 13.Bf4 Rad8 14.Rd3 Nf6 15.Qe2 Qf5
16.Bg3 Qg4 17.Rad1 Ne4 18.Bc7 Rd7 19.h3 Qh5 20.Bf4 f5 21.Qe1 Bh4 22.g3 Bf6
23.Kg2 Rfd8 24.Ne5 Bxe5 25.Bxe5 Ng5 26.h4 Nf7 27.Bf4 Re8 28.b4 h6 29.Qc3 Qg6
30.Be5 Red8 31.f4 Qg4 32.Qc2 g5 33.hxg5 hxg5 34.Bf6 Rf8

[Event "1. Bundesliga 2010/2011"]
[Site "Graz"]
[Date "2011.01.21"]
[Round "5"]
[Board "6"]
[White "Ertl, Johann"]
[Black "Schriebl, Alexander"]
[Result "1-0"]
[WhiteElo "2280"]
[BlackElo "2073"]
[PlyCount "39"]
[EventDate "2010.11.19"]
[EventType "team"]
[EventRounds "11"]
[EventCountry "AUT"]
[WhiteTeam "SK MPOE Maria Saal"]
[BlackTeam "Styria Graz"]

1.e4 d5 2.exd5 Qxd5 3.Nc3 Qa5 4.d4 Nf6 5.Bc4 Bg4 6.Nf3 Nc6 7.Bb5 O-O-O 8.Bxc6
bxc6 9.Qe2 Rxd4 10.h3 Bxf3 11.Qxf3 Rd6 12.O-O g6 13.Bf4 Re6 14.Rfd1 g5 15.Bg3 h5
16.b4 Qxb4 17.Rab1 Qc4 18.Nb5 Qa4 19.Nxc7 h4 20.Nxe6

[Event "1. Bundesliga 2010/2011"]
[Site "Graz"]
[Date "2011.01.22"]
[Round "6"]
[Board "1"]
[White "Volokitin, Andrei"]
[Black "Ragger, Markus"]
[Result "1/2-1/2"]
[WhiteElo "2677"]
[BlackElo "2614"]
[PlyCount "83"]
[EventDate "2010.11.19"]
[EventType "team"]
[EventRounds "11"]
[EventCountry "AUT"]
[WhiteTeam "SK Sparkasse Jenbach"]
[BlackTeam "SK MPOE Maria Saal"]

1.e4 e5 2.Nf3 Nc6 3.Bb5 a6 4.Ba4 Nf6 5.O-O Be7 6.Re1 b5 7.Bb3 d6 8.c3 O-O 9.h3
Na5 10.Bc2 c5 11.d4 Nd7 12.dxc5 dxc5 13.Nbd2 Bb7 14.b3 Qc7 15.Nf1 Nf6 16.Qe2
Rfd8 17.Ng3 g6 18.Bh6 Rd7 19.Qe3 Ne8 20.Nh2 b4 21.cxb4 cxb4 22.Rac1 Bc5 23.Qg5
Nc6 24.Ng4 Qd8 25.Red1 Rxd1+ 26.Rxd1 Qxg5 27.Bxg5 Bd4 28.Ne2 h5 29.Nf6+ Kg7
30.Nxd4 Nxd4 31.Nxe8+ Rxe8 32.Bd3 Ne6 33.Be3 Rd8 34.Rd2 Nf4 35.Bc2 Rxd2 36.Bxd2
a5 37.Be3 Ne2+ 38.Kh2 Nd4 39.Bd3 Bc6 40.f3 f6 41.Kg3 Bb5 42.Bxd4

[Event "1. Bundesliga 2010/2011"]
[Site "Graz"]
[Date "2011.01.22"]
[Round "6"]
[Board "2"]
[White "Buhmann, Rainer"]
[Black "Gyimesi, Zoltan"]
[Result "0-1"]
[WhiteElo "2590"]
[BlackElo "2601"]
[PlyCount "98"]
[EventDate "2010.11.19"]
[EventType "team"]
[EventRounds "11"]
[EventCountry "AUT"]
[WhiteTeam "SK MPOE Maria Saal"]
[BlackTeam "SK Sparkasse Jenbach"]

1.Nf3 d5 2.d4 Nf6 3.c4 dxc4 4.e3 e6 5.Bxc4 c5 6.O-O a6 7.dxc5 Bxc5 8.Qxd8+ Kxd8
9.Be2 Ke7 10.Nbd2 Bd7 11.Rd1 Rd8 12.Nc4 Nc6 13.Ne1 b5 14.Nd3 Ba7 15.Nce5 Ne4
16.Bf3 Nxe5 17.Nxe5 Be8 18.Bd2 f5 19.Bb4+ Kf6 20.Ng4+ Kf7 21.Ne5+ Kf6 22.Ng4+
Kf7 23.h4 Rac8 24.Ne5+ Kf6 25.Ng4+ Kf7 26.Rxd8 Rxd8 27.Rc1 Bb8 28.Ba5 Rd7
29.Bxe4 fxe4 30.h5 h6 31.f3 exf3 32.gxf3 Ke7 33.Bc3 Kd8 34.Ba5+ Bc7 35.Ne5 Bxa5
36.Nc6+ Kc8 37.Nxa5+ Rc7 38.Rd1 Bxh5 39.Rd6 Bxf3 40.Rxe6 Rc2 41.b4 h5 42.Nb3
Rg2+ 43.Kf1 Rxa2 44.Nd4 Bg2+ 45.Kg1 h4 46.e4 g5 47.Re7 h3 48.Kh2 g4 49.Kg3 Ra3+

[Event "1. Bundesliga 2010/2011"]
[Site "Graz"]
[Date "2011.01.22"]
[Round "6"]
[Board "3"]
[White "Schlosser, Philipp"]
[Black "Kreisl, Robert"]
[Result "1/2-1/2"]
[WhiteElo "2568"]
[BlackElo "2394"]
[PlyCount "60"]
[EventDate "2010.11.19"]
[EventType "team"]
[EventRounds "11"]
[EventCountry "AUT"]
[WhiteTeam "SK Sparkasse Jenbach"]
[BlackTeam "SK MPOE Maria Saal"]

1.Nf3 d5 2.d4 Nf6 3.c4 e6 4.g3 Bb4+ 5.Bd2 Be7 6.Bg2 c6 7.Qc2 Nbd7 8.O-O b6 9.Rd1
Ba6 10.b3 Rc8 11.a4 c5 12.Na3 Bb7 13.Qb2 O-O 14.Rac1 Ne4 15.Be1 Bf6 16.Qb1 Qe7
17.b4 Bc6 18.Nb5 Rb8 19.dxc5 bxc5 20.Nxa7 Bxa4 21.b5 Bxd1 22.Nc6 Qd6 23.Rxd1 Nb6
24.Nxb8 Qxb8 25.cxd5 exd5 26.Qc2 Qe8 27.Ba5 Nc4 28.Be1 Nb6 29.Ba5 Nc4 30.Be1 Nb6

[Event "1. Bundesliga 2010/2011"]
[Site "Graz"]
[Date "2011.01.22"]
[Round "6"]
[Board "4"]
[White "Halvax, Georg"]
[Black "Acs, Peter"]
[Result "1/2-1/2"]
[WhiteElo "2272"]
[BlackElo "2601"]
[PlyCount "49"]
[EventDate "2010.11.19"]
[EventType "team"]
[EventRounds "11"]
[EventCountry "AUT"]
[WhiteTeam "SK MPOE Maria Saal"]
[BlackTeam "SK Sparkasse Jenbach"]

1.e4 c5 2.Nf3 Nc6 3.d4 cxd4 4.Nxd4 Nf6 5.Nc3 d6 6.Bg5 e6 7.Qd2 a6 8.O-O-O h6
9.Bf4 Bd7 10.Nb3 Ne5 11.Bg3 b5 12.f4 Nc6 13.e5 b4 14.exf6 bxc3 15.Qxc3 Qxf6
16.Qxf6 gxf6 17.Bf2 f5 18.g3 Ke7 19.Bg2 Bg7 20.Rhe1 Rab8 21.Bh3 Rb5 22.Bf1 Rbb8
23.Bh3 Rb5 24.Bf1 Rbb8 25.Bh3

[Event "1. Bundesliga 2010/2011"]
[Site "Graz"]
[Date "2011.01.22"]
[Round "6"]
[Board "5"]
[White "Boensch, Uwe"]
[Black "Hartl, Daniel"]
[Result "1/2-1/2"]
[WhiteElo "2520"]
[BlackElo "2285"]
[PlyCount "87"]
[EventDate "2010.11.19"]
[EventType "team"]
[EventRounds "11"]
[EventCountry "AUT"]
[WhiteTeam "SK Sparkasse Jenbach"]
[BlackTeam "SK MPOE Maria Saal"]

1.d4 d5 2.c4 c6 3.Nf3 Nf6 4.e3 Bf5 5.cxd5 cxd5 6.Qb3 Qc7 7.Bd2 e6 8.Bb5+ Nfd7
9.O-O Bd6 10.Rc1 Nc6 11.Bxc6 bxc6 12.Bb4 O-O 13.Nbd2 Rfc8 14.Qa3 Bxb4 15.Qxb4 a5
16.Qa3 a4 17.Rc3 Qb6 18.Rac1 Ra7 19.Nf1 h6 20.Ng3 Bg6 21.h4 Rb7 22.h5 Be4
23.Nxe4 dxe4 24.Nd2 Qxb2 25.Nxe4 Ra8 26.Qxb2 Rxb2 27.Rxc6 Nf6 28.Nxf6+ gxf6
29.a3 Ra2 30.R1c3 Rb8 31.Rc8+ Rxc8 32.Rxc8+ Kg7 33.Rc3 f5 34.f4 Kf6 35.Kh2 Ke7
36.Kg3 Kd6 37.Kf3 f6 38.Kg3 Kd5 39.Kf3 Kd6 40.g4 fxg4+ 41.Kxg4 f5+ 42.Kf3 Kd5
43.Rc5+ Kd6 44.Rc3

[Event "1. Bundesliga 2010/2011"]
[Site "Graz"]
[Date "2011.01.22"]
[Round "6"]
[Board "6"]
[White "Ertl, Johann"]
[Black "Lehner, Oliver"]
[Result "0-1"]
[WhiteElo "2280"]
[BlackElo "2431"]
[PlyCount "73"]
[EventDate "2010.11.19"]
[EventType "team"]
[EventRounds "11"]
[EventCountry "AUT"]
[WhiteTeam "SK MPOE Maria Saal"]
[BlackTeam "SK Sparkasse Jenbach"]

1.e4 c6 2.Nf3 d5 3.Nc3 Bg4 4.h3 Bxf3 5.Qxf3 e6 6.a3 Nf6 7.g4 h5 8.Bg2 dxe4
9.Nxe4 Nxe4 10.Qxe4 Nd7 11.d3 Qb6 12.g5 g6 13.Be3 Bc5 14.d4 Be7 15.O-O O-O 16.c4
Rfe8 17.Qf4 e5 18.dxe5 Bc5 19.Bxc5 Qxc5 20.b4 Qxe5 21.Qxe5 Nxe5 22.c5 Nd3 23.f4
Re3 24.Rad1 a5 25.b5 Nxc5 26.bxc6 bxc6 27.Bxc6 Rc8 28.Rf3 Rxf3 29.Bxf3 Ne6 30.h4
Rc3 31.f5 gxf5 32.Kf2 Rxa3 33.Bxh5 Rh3 34.Ra1 Rxh4 35.Bf3 a4 36.Bc6 Nc5 37.Rc1

[Event "1. Bundesliga 2010/2011"]
[Site "Graz"]
[Date "2011.01.22"]
[Round "6"]
[Board "1"]
[White "Kraemer, Martin"]
[Black "Ruck, Robert"]
[Result "1/2-1/2"]
[WhiteElo "2506"]
[BlackElo "2554"]
[PlyCount "64"]
[EventDate "2010.11.19"]
[EventType "team"]
[EventRounds "11"]
[EventCountry "AUT"]
[WhiteTeam "ASVOE Wulkaprodersdorf"]
[BlackTeam "Styria Graz"]

1.d4 Nf6 2.c4 g6 3.g3 Bg7 4.Bg2 d5 5.cxd5 Nxd5 6.e4 Nb4 7.a3 N4c6 8.d5 Nd4 9.Ne2
Bg4 10.Nbc3 c6 11.O-O O-O 12.Be3 Nxe2+ 13.Nxe2 cxd5 14.exd5 Qd7 15.Qd2 Bh3
16.Bxh3 Qxh3 17.Bd4 Nd7 18.Bxg7 Kxg7 19.Nf4 Qf5 20.Rfe1 Rfe8 21.Rac1 Nf6 22.Qd4
Qd7 23.Re5 Rac8 24.Rce1 b6 25.h3 Qd6 26.g4 Kg8 27.g5 Nd7 28.R5e4 Nc5 29.R4e3 Nd7
30.Re4 Nc5 31.R4e3 Nd7 32.Re4 Nc5

[Event "1. Bundesliga 2010/2011"]
[Site "Graz"]
[Date "2011.01.22"]
[Round "6"]
[Board "3"]
[White "Schneider, Ilja"]
[Black "Moser, Eva"]
[Result "1/2-1/2"]
[WhiteElo "2511"]
[BlackElo "2425"]
[PlyCount "117"]
[EventDate "2010.11.19"]
[EventType "team"]
[EventRounds "11"]
[EventCountry "AUT"]
[WhiteTeam "ASVOE Wulkaprodersdorf"]
[BlackTeam "Styria Graz"]

1.d4 c5 2.c3 e6 3.e4 d5 4.exd5 Qxd5 5.Nf3 Nc6 6.Na3 Qd8 7.Nc2 Nf6 8.Bd3 Be7
9.O-O O-O 10.Qe2 cxd4 11.Ncxd4 Nxd4 12.Nxd4 Qc7 13.Bg5 Bd7 14.Rad1 Rad8 15.Bc2
Rfe8 16.Qd3 g6 17.Qg3 Qxg3 18.hxg3 Nd5 19.Bxe7 Nxe7 20.Rd2 e5 21.Nf3 Bb5 22.Rfd1
Rxd2 23.Rxd2 f6 24.g4 g5 25.Rd6 Kg7 26.Nd2 Nc8 27.Rd5 Bc6 28.Rd3 h6 29.Ne4 Bxe4
30.Rd7+ Re7 31.Rxe7+ Nxe7 32.Bxe4 b6 33.Kf1 h5 34.gxh5 f5 35.Bb7 Kh6 36.g4 fxg4
37.Kg2 Kxh5 38.Be4 Nc8 39.c4 Nd6 40.Bd5 a5 41.b3 Nf5 42.a3 Kg6 43.Be4 Kf6
44.Bxf5 Kxf5 45.Kg3 e4 46.b4 a4 47.c5 bxc5 48.bxc5 Ke5 49.Kxg4 Kd5 50.Kxg5 Kxc5
51.Kf5 Kd5 52.Kf4 Kd4 53.Kf5 e3 54.fxe3+ Kxe3 55.Ke5 Kd3 56.Kd5 Kc3 57.Kc5 Kb3
58.Kd4 Kxa3 59.Kc3

[Event "1. Bundesliga 2010/2011"]
[Site "Graz"]
[Date "2011.01.22"]
[Round "6"]
[Board "4"]
[White "Wittmann, Walter"]
[Black "Berczes, David"]
[Result "0-1"]
[WhiteElo "2291"]
[BlackElo "2535"]
[PlyCount "50"]
[EventDate "2010.11.19"]
[EventType "team"]
[EventRounds "11"]
[EventCountry "AUT"]
[WhiteTeam "Styria Graz"]
[BlackTeam "ASVOE Wulkaprodersdorf"]

1.e4 e6 2.d4 d5 3.Nd2 a6 4.Ngf3 Nf6 5.Bd3 c5 6.dxc5 Bxc5 7.Qe2 Nc6 8.a3 Qc7
9.O-O Ba7 10.b4 Nd4 11.Nxd4 Bxd4 12.Rb1 e5 13.h3 dxe4 14.Nxe4 Nxe4 15.Qxe4 Be6
16.Bb2 f5 17.Qe2 Bxb2 18.Rxb2 e4 19.Qe3 O-O 20.f3 Qc3 21.Rbb1 Bd5 22.fxe4 fxe4
23.Rxf8+ Rxf8 24.Rf1 Rxf1+ 25.Kxf1 Qf6+

[Event "1. Bundesliga 2010/2011"]
[Site "Graz"]
[Date "2011.01.22"]
[Round "6"]
[Board "5"]
[White "Prohaszka, Peter"]
[Black "Stagl, Marco"]
[Result "1-0"]
[WhiteElo "2545"]
[BlackElo "2111"]
[PlyCount "67"]
[EventDate "2010.11.19"]
[EventType "team"]
[EventRounds "11"]
[EventCountry "AUT"]
[WhiteTeam "ASVOE Wulkaprodersdorf"]
[BlackTeam "Styria Graz"]

1.d4 d5 2.Nf3 Nf6 3.c4 c6 4.Nc3 dxc4 5.a4 Bf5 6.Nh4 e6 7.Nxf5 exf5 8.e3 Bb4
9.Bxc4 O-O 10.O-O Qe7 11.a5 Rd8 12.Qb3 c5 13.dxc5 Bxc5 14.Nd5 Nxd5 15.Bxd5 Nc6
16.a6 Rab8 17.Bxc6 bxc6 18.Qc2 Rd5 19.Bd2 Rbd8 20.Ba5 R8d7 21.g3 g6 22.Qc4 Qe6
23.b4 Be7 24.Rac1 c5 25.b5 Bd8 26.Bc3 Bf6 27.Bxf6 Qxf6 28.e4 fxe4 29.Qxe4 Qb6
30.Qc4 Qd6 31.Rfe1 Rc7 32.Re8+ Kg7 33.Qc3+ Qf6 34.Rg8+

[Event "1. Bundesliga 2010/2011"]
[Site "Graz"]
[Date "2011.01.22"]
[Round "6"]
[Board "6"]
[White "Kozomara, David"]
[Black "Thiede, Lars"]
[Result "0-1"]
[WhiteElo "1934"]
[BlackElo "2445"]
[PlyCount "62"]
[EventDate "2010.11.19"]
[EventType "team"]
[EventRounds "11"]
[EventCountry "AUT"]
[WhiteTeam "Styria Graz"]
[BlackTeam "ASVOE Wulkaprodersdorf"]

1.b3 e5 2.Bb2 Nc6 3.e3 g6 4.c4 Bg7 5.d3 Nge7 6.Nd2 O-O 7.Rc1 d5 8.Qc2 d4 9.e4
Nb4 10.Qb1 c5 11.a3 Nbc6 12.b4 cxb4 13.axb4 Nxb4 14.Ba3 a5 15.Ngf3 Nec6 16.Be2
f5 17.c5 Be6 18.Bd1 fxe4 19.Nxe4 Rxf3 20.Bxf3 Ba2 21.Qa1 Nxd3+ 22.Kf1 Nxc1
23.Bxc1 Bc4+ 24.Kg1 Qd7 25.Qa4 Be6 26.h3 d3 27.Nd6 Nd4 28.Qd1 Nxf3+ 29.Qxf3 Qc6
30.Qxd3 Qxc5 31.Be3 Qd5

[Event "1. Bundesliga 2010/2011"]
[Site "Graz"]
[Date "2011.01.22"]
[Round "6"]
[Board "1"]
[White "Bosiocic, Marin"]
[Black "Varga, Zoltan"]
[Result "1/2-1/2"]
[WhiteElo "2561"]
[BlackElo "2437"]
[PlyCount "75"]
[EventDate "2010.11.19"]
[EventType "team"]
[EventRounds "11"]
[EventCountry "AUT"]
[WhiteTeam "ASVOE Signum Siebdruck St.Veit"]
[BlackTeam "ASVOE SK Lackenbach"]

1.d4 d5 2.Nf3 c6 3.c4 Nf6 4.e3 Bf5 5.Nc3 e6 6.Nh4 Be4 7.Qb3 Qb6 8.c5 Qc7 9.f3
Bg6 10.Nxg6 hxg6 11.g3 b6 12.cxb6 axb6 13.Bd2 Bd6 14.Bg2 O-O 15.O-O c5 16.Nb5
Qd7 17.Nxd6 Qxd6 18.Rfc1 Rc8 19.Qb5 Nfd7 20.Bb4 Nc6 21.Ba3 Qc7 22.dxc5 bxc5
23.Qe2 Qb6 24.f4 f5 25.g4 Ra5 26.gxf5 gxf5 27.Kh1 Nf6 28.Rg1 Kf7 29.Bf3 Ne7
30.Rac1 Rc7 31.Rc3 Rca7 32.Qc2 Nd7 33.Qg2 g6 34.Qh3 Nf6 35.Rgc1 c4 36.Qg2 Rxa3
37.bxa3 Ra5 38.Rg1

[Event "1. Bundesliga 2010/2011"]
[Site "Graz"]
[Date "2011.01.22"]
[Round "6"]
[Board "2"]
[White "Vavrak, Peter"]
[Black "Ribli, Zoltan"]
[Result "0-1"]
[WhiteElo "2466"]
[BlackElo "2577"]
[PlyCount "78"]
[EventDate "2010.11.19"]
[EventType "team"]
[EventRounds "11"]
[EventCountry "AUT"]
[WhiteTeam "ASVOE SK Lackenbach"]
[BlackTeam "ASVOE Signum Siebdruck St.Veit"]

1.d4 d5 2.c4 e6 3.Nf3 Nf6 4.Nc3 c6 5.e3 Nbd7 6.Qc2 Bd6 7.b3 O-O 8.Be2 b6 9.O-O
Bb7 10.Bb2 Qe7 11.e4 Nxe4 12.Nxe4 dxe4 13.Qxe4 Nf6 14.Qh4 c5 15.Bd3 Bxf3 16.gxf3
cxd4 17.Bxd4 Rfd8 18.Rad1 h6 19.Kh1 Nd7 20.Qh5 Bf4 21.Rg1 Nf6 22.Bxf6 Qxf6
23.Be4 Rac8 24.Qg4 g6 25.Rde1 Rd6 26.h4 Rc5 27.h5 Rg5 28.Qh3 Rxg1+ 29.Kxg1 g5
30.Qf1 Rd2 31.Rd1 Rxa2 32.Bb1 Rb2 33.Qd3 Be5 34.Qh7+ Kf8 35.Be4 Qf4 36.Kf1 g4
37.Rd8+ Ke7 38.Qg8 gxf3 39.Rd1 Bd4

[Event "1. Bundesliga 2010/2011"]
[Site "Graz"]
[Date "2011.01.22"]
[Round "6"]
[Board "3"]
[White "Rogic, Davor"]
[Black "Bokros, Albert"]
[Result "1-0"]
[WhiteElo "2602"]
[BlackElo "2498"]
[PlyCount "119"]
[EventDate "2010.11.19"]
[EventType "team"]
[EventRounds "11"]
[EventCountry "AUT"]
[WhiteTeam "ASVOE Signum Siebdruck St.Veit"]
[BlackTeam "ASVOE SK Lackenbach"]

1.e4 c5 2.Nf3 e6 3.d4 cxd4 4.Nxd4 Nf6 5.Nc3 Nc6 6.Ndb5 d6 7.Bf4 e5 8.Bg5 a6
9.Na3 b5 10.Nd5 Be7 11.Bxf6 Bxf6 12.c4 b4 13.Nc2 a5 14.Qf3 Be6 15.Rd1 Bxd5
16.Rxd5 Qc7 17.Be2 O-O 18.O-O Ne7 19.Rb5 Rab8 20.Ne3 Bg5 21.Nd5 Nxd5 22.Rxd5 g6
23.Rfd1 Rfd8 24.Qb3 Qc6 25.Rxa5 Qxe4 26.Bf3 Qf5 27.Bd5 Rf8 28.Ra4 e4 29.Re1 Rbe8
30.g3 Re7 31.Re2 e3 32.Kg2 Rfe8 33.Rxb4 exf2 34.Rxf2 Re2 35.Qf3 Rxf2+ 36.Qxf2
Qxf2+ 37.Kxf2 Be3+ 38.Kf3 Re7 39.Rb8+ Kg7 40.b4 Bd4 41.Rb7 Rxb7 42.Bxb7 Bc3
43.a3 Bb2 44.a4 Bc3 45.b5 Kf6 46.Bd5 Ba5 47.Ke4 Ke7 48.Bxf7 Kxf7 49.Kd5 Ke7
50.Kc6 Kd8 51.g4 Kc8 52.h3 h5 53.b6 hxg4 54.hxg4 g5 55.Kb5 Bc3 56.a5 Kb7 57.a6+
Kb8 58.Kc6 Bb4 59.a7+ Ka8 60.b7+

[Event "1. Bundesliga 2010/2011"]
[Site "Graz"]
[Date "2011.01.22"]
[Round "6"]
[Board "4"]
[White "Hagara, Eduard"]
[Black "Hoelzl, Franz"]
[Result "1-0"]
[WhiteElo "2407"]
[BlackElo "2336"]
[PlyCount "119"]
[EventDate "2010.11.19"]
[EventType "team"]
[EventRounds "11"]
[EventCountry "AUT"]
[WhiteTeam "ASVOE SK Lackenbach"]
[BlackTeam "ASVOE Signum Siebdruck St.Veit"]

1.e4 c5 2.Nf3 d6 3.d4 cxd4 4.Nxd4 Nf6 5.Nc3 a6 6.Be3 Ng4 7.Bg5 h6 8.Bh4 g5 9.Bg3
Bg7 10.h3 Ne5 11.Nf5 Bxf5 12.exf5 Nbc6 13.Nd5 e6 14.fxe6 fxe6 15.Ne3 Qa5+ 16.c3
Nf3+ 17.Qxf3 Bxc3+ 18.Kd1 Qa4+ 19.Nc2 Bxb2 20.Rc1 Rc8 21.Bd3 Rf8 22.Qg4 Qxg4+
23.hxg4 Bxc1 24.Kxc1 Rf6 25.Kd2 Ne5 26.f3 Rc5 27.Ne3 Ra5 28.Bb1 Rb5 29.a4 Rb4
30.Bc2 Ke7 31.Kc3 Rb6 32.Bxe5 dxe5 33.Nc4 Rc6 34.Be4 Rc7 35.a5 Kf8 36.Kd3 Kg7
37.Nxe5 Rf8 38.Rb1 Kf6 39.Nc4 Rd8+ 40.Kc3 Rdd7 41.Rb6 Rd1 42.Kb3 Ke7 43.Rxb7
Rxb7+ 44.Bxb7 Rb1+ 45.Nb2 Ra1 46.Kb4 Rb1 47.Kc3 Rc1+ 48.Kd3 Rc7 49.Be4 Kd6
50.Kd4 e5+ 51.Ke3 Rc1 52.Bd3 Rc3 53.Kd2 Rc6 54.Nc4+ Ke6 55.Kc3 Rc5 56.Kb4 Rb5+
57.Ka4 Rd5 58.Nb2 Rd4+ 59.Kb3 Rd6 60.Bc4+

[Event "1. Bundesliga 2010/2011"]
[Site "Graz"]
[Date "2011.01.22"]
[Round "6"]
[Board "5"]
[White "Mazi, Leon"]
[Black "Vass, Frantisek"]
[Result "1-0"]
[WhiteElo "2368"]
[BlackElo "2317"]
[PlyCount "77"]
[EventDate "2010.11.19"]
[EventType "team"]
[EventRounds "11"]
[EventCountry "AUT"]
[WhiteTeam "ASVOE Signum Siebdruck St.Veit"]
[BlackTeam "ASVOE SK Lackenbach"]

1.e4 d5 2.exd5 Qxd5 3.Nc3 Qa5 4.d4 Nf6 5.Nf3 Bg4 6.h3 Bh5 7.g4 Bg6 8.Ne5 c6 9.h4
Nbd7 10.Nc4 Qc7 11.h5 Be4 12.Nxe4 Nxe4 13.Qf3 Nd6 14.Bf4 O-O-O 15.O-O-O Nf6
16.Bh3 Nd5 17.Bg3 e6 18.g5 Be7 19.g6 hxg6 20.hxg6 f5 21.Be5 Rh6 22.Rhg1 Nf6
23.Qb3 Nd5 24.Bf1 Bf8 25.Nd2 Qd7 26.Qa4 b5 27.Qb3 Ne7 28.a4 Rxg6 29.Rxg6 Nxg6
30.Nf3 a6 31.c4 Kb7 32.cxb5 axb5 33.Bh2 Ne4 34.axb5 c5 35.Bc4 e5 36.Nxe5 Nxe5
37.Bxe5 cxd4 38.Be6 Nc5 39.Qf3+

[Event "1. Bundesliga 2010/2011"]
[Site "Graz"]
[Date "2011.01.22"]
[Round "6"]
[Board "6"]
[White "Stranz, Richard"]
[Black "Hebesberger, Thomas"]
[Result "0-1"]
[WhiteElo "2219"]
[BlackElo "2336"]
[PlyCount "108"]
[EventDate "2010.11.19"]
[EventType "team"]
[EventRounds "11"]
[EventCountry "AUT"]
[WhiteTeam "ASVOE SK Lackenbach"]
[BlackTeam "ASVOE Signum Siebdruck St.Veit"]

1.e4 c5 2.a3 g6 3.b4 Bg7 4.Nc3 d6 5.Rb1 Nf6 6.bxc5 dxc5 7.Bc4 Nc6 8.Nge2 O-O
9.d3 Nd4 10.O-O b6 11.h3 Nxe2+ 12.Qxe2 Bb7 13.Nd1 Ne8 14.Ne3 Nd6 15.Ba2 Qd7
16.Qg4 Rad8 17.Qxd7 Rxd7 18.Bd5 Rc8 19.a4 Bxd5 20.Nxd5 e6 21.Ne3 c4 22.Rd1 Nb7
23.Ba3 cxd3 24.Rxd3 Rxd3 25.cxd3 Rc3 26.Be7 Rxd3 27.Ng4 f5 28.exf5 gxf5 29.Nh2
Kf7 30.Bb4 Rd5 31.g4 b5 32.gxf5 bxa4 33.fxe6+ Kxe6 34.Ng4 Rb5 35.Re1+ Kf7
36.Re7+ Kg6 37.Ba3 Rb3 38.f4 Rxa3 39.f5+ Kxf5 40.Rxg7 Rb3 41.Ne3+ Kf6 42.Rxh7 a3
43.Rh6+ Kg5 44.Ra6 Rxe3 45.Rxa7 Nd6 46.Kf2 Kf4 47.h4 Ne4+ 48.Kf1 Kg4 49.h5 Kxh5
50.Kg2 Kg4 51.Kf1 Kf4 52.Ra5 Kg3 53.Rd5 a2 54.Rd1 Nd2+

[Event "1. Bundesliga 2010/2011"]
[Site "Graz"]
[Date "2011.01.22"]
[Round "6"]
[Board "1"]
[White "Rozentalis, Eduardas"]
[Black "Prusikin, Michael"]
[Result "0-1"]
[WhiteElo "2592"]
[BlackElo "2541"]
[PlyCount "48"]
[EventDate "2010.11.19"]
[EventType "team"]
[EventRounds "11"]
[EventCountry "AUT"]
[WhiteTeam "SK Hohenems"]
[BlackTeam "Wuestenrot SIR Salzburg"]

1.e4 e5 2.Nf3 Nc6 3.Nc3 Nf6 4.g3 Bc5 5.Bg2 d6 6.d3 a6 7.O-O h6 8.Nd5 Nxd5 9.exd5
Nd4 10.Nd2 Ba7 11.c3 Nf5 12.Nb3 h5 13.d4 h4 14.Qd3 exd4 15.Re1+ Kf8 16.cxd4 Qf6
17.Re4 hxg3 18.fxg3 Bd7 19.Rg4 Re8 20.Bg5 Nxd4 21.Nxd4 Qe5 22.Rf4 Qxg5 23.h4 Qe5
24.Kh1 Qxf4

[Event "1. Bundesliga 2010/2011"]
[Site "Graz"]
[Date "2011.01.22"]
[Round "6"]
[Board "2"]
[White "Bromberger, Stefan"]
[Black "Naumann, Alexander"]
[Result "1/2-1/2"]
[WhiteElo "2519"]
[BlackElo "2544"]
[PlyCount "83"]
[EventDate "2010.11.19"]
[EventType "team"]
[EventRounds "11"]
[EventCountry "AUT"]
[WhiteTeam "Wuestenrot SIR Salzburg"]
[BlackTeam "SK Hohenems"]

1.e4 c6 2.d4 d5 3.Nc3 dxe4 4.Nxe4 Bf5 5.Ng3 Bg6 6.h4 h6 7.Nf3 Nd7 8.h5 Bh7 9.Bd3
Bxd3 10.Qxd3 e6 11.Bd2 Ngf6 12.O-O-O Be7 13.Qe2 O-O 14.Nf1 c5 15.g4 Nh7 16.Bc3
Bf6 17.Ng3 cxd4 18.Nxd4 Qb6 19.Ne4 Be5 20.Nb5 Bxc3 21.Rd6 Qd8 22.Rhd1 Be5
23.Rxd7 Qa5 24.Kb1 Rab8 25.Nc5 Nf6 26.Qxe5 Nxd7 27.Nxd7 Rfd8 28.g5 hxg5 29.h6
gxh6 30.Rh1 Rxd7 31.Qxb8+ Qd8 32.Qxd8+ Rxd8 33.Nxa7 Rd2 34.Rf1 h5 35.Kc1 Rd5
36.Rh1 h4 37.f4 f6 38.Nc8 Rd8 39.fxg5 Rxc8 40.gxf6 Rc4 41.Rg1+ Kf7 42.Rg7+

[Event "1. Bundesliga 2010/2011"]
[Site "Graz"]
[Date "2011.01.22"]
[Round "6"]
[Board "3"]
[White "Baramidze, David"]
[Black "Drabke, Lorenz"]
[Result "1/2-1/2"]
[WhiteElo "2554"]
[BlackElo "2454"]
[PlyCount "80"]
[EventDate "2010.11.19"]
[EventType "team"]
[EventRounds "11"]
[EventCountry "AUT"]
[WhiteTeam "SK Hohenems"]
[BlackTeam "Wuestenrot SIR Salzburg"]

1.c4 c5 2.Nf3 Nf6 3.g3 b6 4.Bg2 Bb7 5.O-O e6 6.b3 Be7 7.Bb2 O-O 8.e3 d5 9.Qe2
Nc6 10.d3 Qc7 11.Ne1 Rad8 12.f4 dxc4 13.bxc4 Nb4 14.Bxb7 Qxb7 15.g4 b5 16.g5 Ne8
17.a3 Nc6 18.cxb5 Qxb5 19.Nc3 Qb3 20.Rf3 f6 21.Rb1 Nd6 22.Rh3 g6 23.Qg2 Rc8
24.Ba1 Qxa3 25.Ne4 Nxe4 26.Qxe4 Qa2 27.gxf6 Qxb1 28.Qxe6+ Rf7 29.Bc3 Nd8 30.Qxc8
Bxf6 31.Qxc5 Ne6 32.Qc8+ Nf8 33.Bd2 Qd1 34.Qc2 Qxc2 35.Nxc2 Rb7 36.Nb4 a5 37.Nd5
Bd8 38.Rf3 Rb3 39.Bc3 Ne6 40.Rf2 Nc7

[Event "1. Bundesliga 2010/2011"]
[Site "Graz"]
[Date "2011.01.22"]
[Round "6"]
[Board "4"]
[White "Geske, Julian"]
[Black "Atlas, Valery"]
[Result "1-0"]
[WhiteElo "2329"]
[BlackElo "2428"]
[PlyCount "95"]
[EventDate "2010.11.19"]
[EventType "team"]
[EventRounds "11"]
[EventCountry "AUT"]
[WhiteTeam "Wuestenrot SIR Salzburg"]
[BlackTeam "SK Hohenems"]

1.e4 c5 2.Nf3 e6 3.Nc3 d6 4.d4 cxd4 5.Nxd4 Nf6 6.Bc4 Be7 7.g4 O-O 8.g5 Nfd7
9.Rg1 d5 10.exd5 Nb6 11.Bb3 exd5 12.Be3 Nc6 13.Qf3 Bb4 14.Nde2 Ne5 15.Qg3 Nec4
16.O-O-O Be6 17.Bd4 Re8 18.Nf4 Bd6 19.Qh4 Bxf4+ 20.Qxf4 Rc8 21.h4 Qc7 22.Qxc7
Rxc7 23.h5 Rd7 24.h6 g6 25.Rge1 Rc8 26.f3 a6 27.Ne2 Na8 28.Nf4 Nc7 29.Bf2 Na5
30.Bb6 Nxb3+ 31.axb3 Na8 32.Ba5 b6 33.Bc3 Nc7 34.Bd4 b5 35.Bb6 Rd6 36.Bxc7 Rxc7
37.Nxd5 Rxd5 38.Rxd5 Kf8 39.Rd6 a5 40.Rd8+ Ke7 41.Rh8 Kd6 42.Rxh7 Bxb3 43.c3 b4
44.Rh8 f5 45.gxf6 bxc3 46.h7 Kc5 47.bxc3 a4 48.Re7